FOUNDATION OF EXTENSION EDUCATION AND MANAGEMENT IN EXTENSION (Record no. 5340)

MARC details
000 -LEADER
fixed length control field 00414nam a22001577a 4500
005 - DATE AND TIME OF LATEST TRANSACTION
control field 20210909115127.0
008 - FIXED-LENGTH DATA ELEMENTS--GENERAL INFORMATION
fixed length control field 170330b xxu||||| |||| 00| 0 eng d
020 ## - INTERNATIONAL STANDARD BOOK NUMBER
ISBN 81-8069-348-1
041 ## - LANGUAGE CODE
Language code of text/sound track or separate title eng
100 ## - MAIN ENTRY--AUTHOR NAME
Personal name JALLHAL,K.A
245 ## - TITLE STATEMENT
Title FOUNDATION OF EXTENSION EDUCATION AND MANAGEMENT IN EXTENSION
260 ## - PUBLICATION, DISTRIBUTION, ETC. (IMPRINT)
Name of publisher CONCEPT PUBLICATION COMPANY
300 ## - PHYSICAL DESCRIPTION
Number of Pages 312
650 ## - SUBJECT ADDED ENTRY--TOPICAL TERM
Topical Term ENGINEERING
942 ## - ADDED ENTRY ELEMENTS (KOHA)
Koha item type Books
Holdings
Lost status Damaged status Collection code Home library Current library Shelving location Date acquired Source of acquisition Cost, normal purchase price Full call number Accession Number Koha item type
    Reference JRU Library JRU Library SHELF-2-C 28/03/2017 PURCHASE 650.00 630.7 21502 Books
    AGRICULTURE JRU Library JRU Library SHELF-14-F 28/03/2017 PURCHASE 650.00   21503 Books
    AGRICULTURE JRU Library JRU Library SHELF-14-F 28/03/2017 PURCHASE 650.00   21504 Books
    AGRICULTURE JRU Library JRU Library SHELF-14-F 28/03/2017 PURCHASE 650.00   21505 Books
    AGRICULTURE JRU Library JRU Library SHELF-14-F 28/03/2017 PURCHASE 650.00   21506 Books